Ohrev úžitkovej vody odpadovým teplom pri chladení mlieka

Bibliographic Details
Main Author: Juríček, Ján, 1922-1992 (Author)
Format: Article
Language:Slovak
PhysicalDescription:Tb. 1. Sch. 2.
Subjects:

MARC

LEADER 00000nab a2200000 a 4500
001 vtls000259483
003 SK-MaSNL
005 20260302220913.0
008 111202c1986 xo 0 slo
015 |a SNBRA19rr/mm-uuuuu 
035 |a CL0269597 
040 |a SNKBUCL  |b slo  |c SNKBUCL  |e AACR2 
041 0 |a slo 
044 |a xo  |c SK 
080 |a 637.133.1:620.9  |2 1981 
080 |a 620.9  |2 1981 
100 1 |a Juríček, Ján,  |d 1922-1992  |4 aut  |9 37635 
245 1 0 |a Ohrev úžitkovej vody odpadovým teplom pri chladení mlieka  |c Ján Juríček 
300 |b Tb. 1. Sch. 2. 
650 0 7 |a mlieko  |2 snkbucl  |9 3942 
650 0 7 |a teplo odpadové  |2 snkbucl  |9 927711 
655 7 |a články zo zborníkov  |2 snkbucl  |9 166140 
773 0 |t Racionalizácia a riadenie spotreby energie v poľnohospodárstve  |d Bratislava : Dom techniky ČSVTS, 1986  |g S. 100-106 
850 |a Slovenská národná knižnica v Martine  |a MTA001 
852 |a SNK  |b KIS3GCP 
958 |a RK 
992 |a RZB 
999 |c 1509217  |d 1511147